| 000 | 00686nam a2200229Ia 4500 | ||
|---|---|---|---|
| 003 | OSt | ||
| 005 | 20220923212144.0 | ||
| 006 | a|||||r|||| 00| 0 | ||
| 007 | ta | ||
| 008 | 220922b |||||||| |||| 00| 0 hin d | ||
| 024 | _a151,189 | ||
| 037 | _cTextual | ||
| 040 |
_aARTS _cARTS _bhin |
||
| 041 |
_2hin _ahin |
||
| 082 | _aM31, 152L3 | ||
| 100 | _aसेठ, अरूणा | ||
| 245 | 0 | _aस्वादिष्ट भोजन कला, कृष्ण विकल अनु | |
| 246 | _aSvādiṣhṭa bhojan kalā, kṛuṣhṇa vikal anu0 | ||
| 260 | _c1973 | ||
| 942 |
_hM31, 152L3 _cTEXL _2CC |
||
| 999 |
_c306862 _d306862 |
||